<?xml version="1.0" encoding="UTF-8"?><?xml-stylesheet type="text/xsl" href="static/style.xsl"?><OAI-PMH xmlns="http://www.openarchives.org/OAI/2.0/" xmlns:xsi="http://www.w3.org/2001/XMLSchema-instance" xsi:schemaLocation="http://www.openarchives.org/OAI/2.0/ http://www.openarchives.org/OAI/2.0/OAI-PMH.xsd"><responseDate>2026-04-14T03:39:35Z</responseDate><request verb="GetRecord" identifier="oai:www.recercat.cat:2099.1/18114" metadataPrefix="marc">https://recercat.cat/oai/request</request><GetRecord><record><header><identifier>oai:recercat.cat:2099.1/18114</identifier><datestamp>2025-07-22T23:46:10Z</datestamp><setSpec>com_2072_1033</setSpec><setSpec>col_2072_452951</setSpec></header><metadata><record xmlns="http://www.loc.gov/MARC21/slim" xmlns:dcterms="http://purl.org/dc/terms/" xmlns:xsi="http://www.w3.org/2001/XMLSchema-instance" xmlns:doc="http://www.lyncode.com/xoai" xsi:schemaLocation="http://www.loc.gov/MARC21/slim http://www.loc.gov/standards/marcxml/schema/MARC21slim.xsd">
   <leader>00925njm 22002777a 4500</leader>
   <datafield ind2=" " ind1=" " tag="042">
      <subfield code="a">dc</subfield>
   </datafield>
   <datafield ind2=" " ind1=" " tag="720">
      <subfield code="a">Díaz Oliva, Marc</subfield>
      <subfield code="e">author</subfield>
   </datafield>
   <datafield ind2=" " ind1=" " tag="260">
      <subfield code="c">2013</subfield>
   </datafield>
   <datafield ind2=" " ind1=" " tag="520">
      <subfield code="a">El objetivo de este proyecto es la mejora de la eficiencia energética de la&#xd;
vivienda este objetivo me viene por una estancia en Alemania donde todas&#xd;
las viviendas están concebidas para obtener la máxima eficiencia y por&#xd;
consiguiente ahorro una de las cosas que más me llamo la atención fue la&#xd;
implantación de energías renovables ya que las horas de luz son menores a&#xd;
las obtenidas en España por este motivo quise comprobar cuanto se podía&#xd;
mejorar la eficiencia en mi vivienda y si era viable la instalación de&#xd;
energías renovables.&#xd;
En este proyecto se ha dividido en tres grandes bloques.&#xd;
El primero las mejoras energéticas comparando consumos y costes con&#xd;
electrodomésticos actuales en el domicilio y los de más alta clase&#xd;
energética, substituyendo también las bombillas por otras de bajo&#xd;
consumo suprimiendo elementos como la bomba y el depósito subterráneo&#xd;
y dándoles otro uso. Por otro lado se han hecho los cálculos para la&#xd;
instalación de energía solar térmica para ACS y por último se ha hecho el&#xd;
estudio de la instalación de energía fotovoltaica conectada a red, ya que&#xd;
para consumo propio no es rentable sin subvenciones que en este momento&#xd;
están agotadas&#xd;
Con todas estas acciones se ha conseguido un ahorro de 637€ anuales para&#xd;
el primer apartado con una contribución económica prácticamente nula&#xd;
como se detalla en el informe amortizada desde el primer año, y para la&#xd;
solar térmica con un ahorro anual de 543,53 € y una amortización en poco&#xd;
más de 8 años, para la instalación fotovoltaica por el contrario la&#xd;
amortización será en poco más de 21 años debido a que la tenemos que&#xd;
financiar siendo inviable su instalación por el momento ya que la vida útil&#xd;
se estima en 25 años y con los años va perdiendo eficacia la instalación.</subfield>
   </datafield>
   <datafield tag="653" ind2=" " ind1=" ">
      <subfield code="a">Àrees temàtiques de la UPC::Desenvolupament humà i sostenible::Enginyeria ambiental</subfield>
   </datafield>
   <datafield tag="653" ind2=" " ind1=" ">
      <subfield code="a">Àrees temàtiques de la UPC::Energies::Eficiència energètica</subfield>
   </datafield>
   <datafield tag="653" ind2=" " ind1=" ">
      <subfield code="a">Energy consumption</subfield>
   </datafield>
   <datafield tag="653" ind2=" " ind1=" ">
      <subfield code="a">ACS</subfield>
   </datafield>
   <datafield tag="653" ind2=" " ind1=" ">
      <subfield code="a">String</subfield>
   </datafield>
   <datafield tag="653" ind2=" " ind1=" ">
      <subfield code="a">Solar termica</subfield>
   </datafield>
   <datafield tag="653" ind2=" " ind1=" ">
      <subfield code="a">Renovables</subfield>
   </datafield>
   <datafield tag="653" ind2=" " ind1=" ">
      <subfield code="a">Fotovoltaica</subfield>
   </datafield>
   <datafield tag="653" ind2=" " ind1=" ">
      <subfield code="a">Edificis -- Estalvi d'energia</subfield>
   </datafield>
   <datafield ind2="0" ind1="0" tag="245">
      <subfield code="a">Mejora de la eficiencia energética en una vivienda</subfield>
   </datafield>
</record></metadata></record></GetRecord></OAI-PMH>